[Event "High League 2022 women"]
[Site "Obninsk"]
[Date "2022.07.03"]
[Round "7.17"]
[White "Loskutova, Viktoriya"]
[Black "Nur-Mukhametova, Alisa"]
[Result "1/2-1/2"]
[LiveChessVersion "1.4.7"]
[BlackElo "2172"]
[WhiteElo "2153"]

1. e4 {[%clk 1:30:30]} c6 {[%clk 1:30:42]} 2. d4 {[%clk 1:31:21]} d5
{[%clk 1:31:05]} 3. exd5 {[%clk 1:31:47]} cxd5 {[%clk 1:31:22]} 4. Bd3
{[%clk 1:32:13]} Nc6 {[%clk 1:31:40]} 5. c3 {[%clk 1:32:37]} Nf6 {[%clk 1:31:26]}
6. Bf4 {[%clk 1:32:47]} Bg4 {[%clk 1:30:41]} 7. Qb3 {[%clk 1:33:05]} e5
{[%clk 1:27:35]} 8. dxe5 {[%clk 1:27:16]} Nh5 {[%clk 1:26:39]} 9. Be3
{[%clk 1:27:21]} Nxe5 {[%clk 1:26:10]} 10. Bb5+ {[%clk 1:27:41]} Nc6
{[%clk 1:25:59]} 11. h3 {[%clk 1:24:15]} Be6 {[%clk 1:25:08]} 12. Qd1
{[%clk 1:12:41]} Nf6 {[%clk 1:22:17]} 13. Nf3 {[%clk 1:13:05]} Bd6
{[%clk 1:21:48]} 14. Nbd2 {[%clk 1:08:57]} O-O {[%clk 1:21:09]} 15. Nb3
{[%clk 1:07:34]} a6 {[%clk 1:14:07]} 16. Bd3 {[%clk 1:05:17]} Re8
{[%clk 1:12:06]} 17. O-O {[%clk 1:03:57]} Ne4 {[%clk 1:10:58]} 18. Nbd4
{[%clk 1:01:51]} Bc7 {[%clk 1:07:24]} 19. Re1 {[%clk 0:46:24]} Qd6
{[%clk 0:54:29]} 20. Qc2 {[%clk 0:36:48]} h6 {[%clk 0:49:49]} 21. Nxe6
{[%clk 0:26:25]} Rxe6 {[%clk 0:46:42]} 22. Rad1 {[%clk 0:24:48]} Rae8
{[%clk 0:27:59]} 23. Bxe4 {[%clk 0:15:16]} Rxe4 {[%clk 0:27:47]} 24. Qd3
{[%clk 0:13:51]} Ne5 {[%clk 0:19:21]} 25. Qxe4 {[%clk 0:11:23]} dxe4
{[%clk 0:19:22]} 26. Rxd6 {[%clk 0:11:50]} Bxd6 {[%clk 0:18:47]} 27. Nxe5
{[%clk 0:12:08]} Bxe5 {[%clk 0:18:08]} 28. g4 {[%clk 0:08:29]} Re6
{[%clk 0:12:18]} 29. Kg2 {[%clk 0:06:23]} Kh7 {[%clk 0:11:33]} 30. Bc5
{[%clk 0:04:22]} Bf4 {[%clk 0:10:39]} 31. Rd1 {[%clk 0:03:34]} b6
{[%clk 0:04:05]} 32. Be3 {[%clk 0:02:47]} Bxe3 {[%clk 0:02:33]} 33. fxe3
{[%clk 0:03:15]} g5 {[%clk 0:02:39]} 34. Rd5 {[%clk 0:02:32]} Kg6
{[%clk 0:03:07]} 35. c4 {[%clk 0:02:18]} Rc6 {[%clk 0:02:04]} 1/2-1/2

[Event "High League 2022 women"]
[Site "Obninsk"]
[Date "2022.07.03"]
[Round "7.18"]
[White "Dorokhina, Elizaveta"]
[Black "Izbekova, Evdokia"]
[Result "1-0"]
[LiveChessVersion "1.4.7"]
[BlackElo "1877"]
[WhiteElo "2045"]

1. e4 {[%clk 1:30:57]} c5 {[%clk 1:30:58]} 2. Nf3 {[%clk 1:31:19]} d6
{[%clk 1:31:25]} 3. d4 {[%clk 1:31:28]} cxd4 {[%clk 1:31:53]} 4. Qxd4
{[%clk 1:31:51]} Nc6 {[%clk 1:31:24]} 5. Bb5 {[%clk 1:32:14]} Bd7
{[%clk 1:29:01]} 6. Bxc6 {[%clk 1:32:32]} Bxc6 {[%clk 1:29:09]} 7. Bg5
{[%clk 1:29:40]} e5 {[%clk 1:20:50]} 8. Qd3 {[%clk 1:27:27]} Be7 {[%clk 1:19:37]}
9. Bxe7 {[%clk 1:27:20]} Qxe7 {[%clk 1:20:02]} 10. c4 {[%clk 1:23:13]} Nf6
{[%clk 1:18:51]} 11. Nc3 {[%clk 1:23:12]} a6 {[%clk 1:18:57]} 12. Nd2
{[%clk 1:17:22]} O-O {[%clk 1:18:06]} 13. O-O {[%clk 1:17:18]} Nd7
{[%clk 1:12:15]} 14. b4 {[%clk 1:14:23]} b6 {[%clk 1:06:15]} 15. Rfd1
{[%clk 1:10:55]} Bb7 {[%clk 1:03:11]} 16. Nf1 {[%clk 1:10:55]} d5
{[%clk 0:57:09]} 17. Nxd5 {[%clk 1:07:32]} Bxd5 {[%clk 0:57:33]} 18. Qxd5
{[%clk 1:06:41]} Rfd8 {[%clk 0:56:14]} 19. Qd6 {[%clk 1:04:34]} Qh4
{[%clk 0:51:27]} 20. f3 {[%clk 1:02:06]} Nc5 {[%clk 0:49:50]} 21. Qxb6
{[%clk 0:59:43]} Nd3 {[%clk 0:50:03]} 22. Rd2 {[%clk 0:52:09]} Rd4
{[%clk 0:46:31]} 23. Rad1 {[%clk 0:50:43]} Rad8 {[%clk 0:46:44]} 24. g3
{[%clk 0:42:18]} Qg5 {[%clk 0:46:24]} 25. h4 {[%clk 0:39:47]} Qe7
{[%clk 0:46:23]} 26. Ne3 {[%clk 0:36:58]} Ne1 {[%clk 0:39:04]} 27. Rxd4
{[%clk 0:30:56]} Nxf3+ {[%clk 0:39:18]} 28. Kg2 {[%clk 0:31:14]} Nxd4
{[%clk 0:39:34]} 29. c5 {[%clk 0:29:42]} Ra8 {[%clk 0:34:19]} 30. Nc4
{[%clk 0:23:02]} Qe8 {[%clk 0:23:30]} 31. Qc7 {[%clk 0:19:14]} Qa4
{[%clk 0:22:09]} 32. Qb7 {[%clk 0:16:22]} Rf8 {[%clk 0:21:47]} 33. Rd2
{[%clk 0:16:45]} Nc6 {[%clk 0:14:43]} 34. a3 {[%clk 0:16:42]} Qb3
{[%clk 0:09:29]} 35. Qxc6 {[%clk 0:15:36]} Qxc4 {[%clk 0:09:56]} 36. Qd5
{[%clk 0:15:57]} Qc1 {[%clk 0:07:42]} 37. c6 {[%clk 0:13:28]} h6 {[%clk 0:07:18]}
38. a4 {[%clk 0:12:54]} Rb8 {[%clk 0:03:52]} 39. Rf2 {[%clk 0:12:01]} Rxb4
{[%clk 0:03:29]} 40. Qxf7+ {[%clk 0:42:22]} Kh7 {[%clk 0:33:49]} 41. Qf5+
{[%clk 0:42:42]} 1-0

[Event "High League 2022 women"]
[Site "Obninsk"]
[Date "2022.07.03"]
[Round "7.19"]
[White "Faizutdinova, Diana"]
[Black "Kuznetsova, Marina"]
[Result "1/2-1/2"]
[LiveChessVersion "1.4.7"]
[BlackElo "2043"]
[WhiteElo "2023"]

1. d4 {[%clk 1:30:58]} Nf6 {[%clk 1:30:54]} 2. Bg5 {[%clk 1:30:43]} e6
{[%clk 1:31:11]} 3. Nd2 {[%clk 1:30:02]} c5 {[%clk 1:31:00]} 4. e3
{[%clk 1:29:32]} d5 {[%clk 1:28:06]} 5. c3 {[%clk 1:29:37]} Nc6 {[%clk 1:28:02]}
6. Ngf3 {[%clk 1:28:40]} h6 {[%clk 1:26:18]} 7. Bh4 {[%clk 1:28:22]} Bd6
{[%clk 1:25:25]} 8. Bd3 {[%clk 1:24:55]} O-O {[%clk 1:23:02]} 9. Rc1
{[%clk 1:18:56]} b6 {[%clk 1:07:59]} 10. O-O {[%clk 1:13:56]} Bb7
{[%clk 0:59:47]} 11. Bb1 {[%clk 1:11:22]} Be7 {[%clk 0:44:43]} 12. Qc2
{[%clk 1:04:31]} g6 {[%clk 0:44:09]} 13. Rcd1 {[%clk 0:50:19]} Rc8
{[%clk 0:34:11]} 14. Ne5 {[%clk 0:48:37]} Nxe5 {[%clk 0:27:16]} 15. dxe5
{[%clk 0:49:01]} Nd7 {[%clk 0:20:59]} 16. Bxe7 {[%clk 0:47:26]} Qxe7
{[%clk 0:21:26]} 17. f4 {[%clk 0:47:19]} Rfd8 {[%clk 0:19:16]} 18. Rf3
{[%clk 0:42:13]} d4 {[%clk 0:15:38]} 19. Rg3 {[%clk 0:39:49]} Nf8
{[%clk 0:10:49]} 20. Nc4 {[%clk 0:36:08]} d3 {[%clk 0:08:37]} 21. Qa4
{[%clk 0:25:40]} Bc6 {[%clk 0:01:04]} 22. Qa3 {[%clk 0:26:04]} Be4
{[%clk 0:01:11]} 23. Nd6 {[%clk 0:26:02]} Rxd6 {[%clk 0:01:18]} 24. exd6
{[%clk 0:26:26]} Qxd6 {[%clk 0:01:44]} 25. c4 {[%clk 0:25:39]} Rd8
{[%clk 0:01:57]} 26. Bxd3 {[%clk 0:21:07]} Bxd3 {[%clk 0:00:34]} 27. e4
{[%clk 0:21:12]} Qd4+ {[%clk 0:00:45]} 28. Kh1 {[%clk 0:21:36]} Qxe4
{[%clk 0:00:39]} 29. Rgxd3 {[%clk 0:21:44]} Rxd3 {[%clk 0:00:43]} 30. Qxd3
{[%clk 0:22:09]} Qxf4 {[%clk 0:01:07]} 31. b3 {[%clk 0:15:15]} Kg7
{[%clk 0:00:35]} 32. Rf1 {[%clk 0:13:17]} Qc7 {[%clk 0:00:37]} 33. Qg3
{[%clk 0:12:21]} e5 {[%clk 0:00:37]} 34. Qf3 {[%clk 0:12:09]} Qe7
{[%clk 0:00:37]} 35. Qd5 {[%clk 0:12:08]} f6 {[%clk 0:00:36]} 36. Rd1
{[%clk 0:12:26]} Ne6 {[%clk 0:00:49]} 37. Qd7 {[%clk 0:12:06]} Kf7
{[%clk 0:01:15]} 38. Rd6 {[%clk 0:12:09]} Nd4 {[%clk 0:00:37]} 39. Qd8
{[%clk 0:08:58]} Qxd8 {[%clk 0:00:45]} 40. Rxd8 {[%clk 0:39:22]} Ke6
{[%clk 0:31:03]} 41. Re8+ {[%clk 0:36:28]} Kf5 {[%clk 0:22:24]} 42. Re7
{[%clk 0:33:17]} a5 {[%clk 0:21:40]} 43. Kg1 {[%clk 0:31:51]} Ke4
{[%clk 0:21:10]} 44. Rg7 {[%clk 0:28:17]} g5 {[%clk 0:18:56]} 45. Kf2
{[%clk 0:22:00]} Kd3 {[%clk 0:11:50]} 46. g4 {[%clk 0:22:23]} f5 {[%clk 0:07:40]}
47. gxf5 {[%clk 0:18:50]} Nxf5 {[%clk 0:08:05]} 48. Rf7 {[%clk 0:18:10]} Nd4
{[%clk 0:08:19]} 49. Re7 {[%clk 0:17:49]} e4 {[%clk 0:08:38]} 50. Re8
{[%clk 0:16:01]} Nf5 {[%clk 0:05:23]} 51. Rd8+ {[%clk 0:16:27]} Nd4
{[%clk 0:05:43]} 52. Re8 {[%clk 0:16:54]} Nc2 {[%clk 0:01:12]} 53. Rd8+
{[%clk 0:17:20]} Nd4 {[%clk 0:01:35]} 54. Re8 {[%clk 0:17:38]} Nf5
{[%clk 0:01:00]} 1/2-1/2

[Event "High League 2022 women"]
[Site "Obninsk"]
[Date "2022.07.03"]
[Round "7.20"]
[White "Volchkova, Alena"]
[Black "Abakarova, Amina"]
[Result "1-0"]
[LiveChessVersion "1.4.7"]
[BlackElo "1825"]
[WhiteElo "1823"]

1. c4 {[%clk 1:30:57]} e6 {[%clk 1:30:45]} 2. Nc3 {[%clk 1:31:18]} d5
{[%clk 1:31:03]} 3. e3 {[%clk 1:26:52]} c6 {[%clk 1:31:23]} 4. Nf3
{[%clk 1:27:05]} Nf6 {[%clk 1:31:47]} 5. b3 {[%clk 1:27:06]} Nbd7
{[%clk 1:31:18]} 6. Bb2 {[%clk 1:26:03]} Be7 {[%clk 1:31:15]} 7. Be2
{[%clk 1:26:15]} O-O {[%clk 1:31:39]} 8. Qc2 {[%clk 1:26:31]} b6 {[%clk 1:27:24]}
9. Rg1 {[%clk 1:25:02]} Bb7 {[%clk 1:27:05]} 10. g4 {[%clk 1:24:39]} c5
{[%clk 1:22:10]} 11. g5 {[%clk 1:10:34]} Ne4 {[%clk 1:21:33]} 12. h4
{[%clk 1:08:48]} f6 {[%clk 1:18:08]} 13. cxd5 {[%clk 1:01:49]} exd5
{[%clk 1:14:52]} 14. Nxd5 {[%clk 0:48:02]} Bxd5 {[%clk 1:14:11]} 15. Bc4
{[%clk 0:47:21]} Ne5 16. Nxe5 {[%clk 0:46:32]} Nxf2 {[%clk 1:01:42]} 17. Nc6
{[%clk 0:45:31]} Qd6 {[%clk 0:52:55]} 18. Nxe7+ {[%clk 0:43:52]} Qxe7
{[%clk 0:51:55]} 19. Bxd5+ {[%clk 0:44:12]} Kh8 {[%clk 0:52:19]} 20. gxf6
{[%clk 0:43:35]} gxf6 {[%clk 0:52:07]} 21. Bxa8 {[%clk 0:43:44]} Qd8 1-0

[Event "High League 2022 women"]
[Site "Obninsk"]
[Date "2022.07.03"]
[Round "7.21"]
[White "Chervyakova, Tatiana"]
[Black "Pak, Polina"]
[Result "1-0"]
[LiveChessVersion "1.4.7"]
[BlackElo "1677"]
[WhiteElo "1641"]

1. e4 {[%clk 1:30:59]} c6 {[%clk 1:30:54]} 2. d4 {[%clk 1:31:20]} d5
{[%clk 1:31:14]} 3. exd5 {[%clk 1:31:43]} cxd5 {[%clk 1:31:34]} 4. Bd3
{[%clk 1:32:10]} Nc6 {[%clk 1:31:46]} 5. c3 {[%clk 1:32:34]} Nf6 {[%clk 1:31:48]}
6. h3 {[%clk 1:32:30]} Qc7 {[%clk 1:31:12]} 7. Ne2 {[%clk 1:32:22]} g6
{[%clk 1:30:14]} 8. Bf4 {[%clk 1:30:51]} Qb6 {[%clk 1:29:15]} 9. Na3
{[%clk 1:25:19]} a6 {[%clk 1:27:59]} 10. Rb1 {[%clk 1:25:16]} Bg7
{[%clk 1:27:24]} 11. Nc2 {[%clk 1:25:28]} Bf5 {[%clk 1:22:33]} 12. Bxf5
{[%clk 1:24:14]} gxf5 {[%clk 1:22:55]} 13. Ng3 {[%clk 1:21:48]} e6
{[%clk 1:21:55]} 14. Nh5 {[%clk 1:18:17]} Nxh5 {[%clk 1:06:42]} 15. Qxh5
{[%clk 1:18:36]} Qa5 {[%clk 1:06:51]} 16. a3 {[%clk 1:08:08]} Nxd4
{[%clk 0:51:15]} 17. Nxd4 {[%clk 1:08:14]} Bxd4 {[%clk 0:51:38]} 18. O-O
{[%clk 1:07:51]} Bf6 {[%clk 0:23:19]} 19. Rfe1 {[%clk 1:03:11]} O-O
{[%clk 0:10:03]} 20. Bh6 {[%clk 0:59:47]} Rfe8 {[%clk 0:08:40]} 21. Re3
{[%clk 0:58:26]} Qc7 {[%clk 0:08:48]} 22. Rbe1 {[%clk 0:56:43]} Qd7
{[%clk 0:08:36]} 23. Rg3+ {[%clk 0:46:12]} Kh8 {[%clk 0:08:58]} 24. Bg5
{[%clk 0:45:29]} Qe7 {[%clk 0:08:46]} 25. Qh6 {[%clk 0:44:11]} Bxg5
{[%clk 0:07:10]} 26. Rxg5 {[%clk 0:43:59]} Rg8 {[%clk 0:07:30]} 27. Rxf5
{[%clk 0:38:06]} Rg6 {[%clk 0:06:11]} 28. Qf4 {[%clk 0:37:37]} Rag8
{[%clk 0:01:37]} 29. g3 {[%clk 0:29:19]} Qc5 30. Rxf7 {[%clk 0:27:15]} Rxg3+
{[%clk 0:01:45]} 31. Kh2 {[%clk 0:20:44]} Rg2+ {[%clk 0:01:51]} 32. Kh1
{[%clk 0:21:12]} Qb6 {[%clk 0:01:13]} 33. Qf6+ {[%clk 0:21:07]} R2g7
{[%clk 0:01:34]} 34. Rxg7 {[%clk 0:21:25]} Rxg7 {[%clk 0:01:48]} 35. Rg1
{[%clk 0:21:50]} Qc7 {[%clk 0:01:18]} 36. Qf8+ {[%clk 0:22:15]} 1-0

[Event "High League 2022 women"]
[Site "Obninsk"]
[Date "2022.07.03"]
[Round "7.22"]
[White "Malysheva, Viktoriya"]
[Black "Dryaeva, Lana"]
[Result "0-1"]
[LiveChessVersion "1.4.7"]
[BlackElo "1594"]
[WhiteElo "1563"]

1. e4 {[%clk 1:30:52]} c6 {[%clk 1:30:57]} 2. d4 {[%clk 1:31:14]} d5
{[%clk 1:31:23]} 3. exd5 {[%clk 1:31:38]} cxd5 {[%clk 1:31:50]} 4. c4
{[%clk 1:31:59]} dxc4 {[%clk 1:30:31]} 5. Nc3 {[%clk 1:30:17]} e6
{[%clk 1:29:20]} 6. Bxc4 {[%clk 1:28:48]} Nf6 {[%clk 1:29:38]} 7. Nf3
{[%clk 1:27:36]} Nc6 {[%clk 1:28:55]} 8. O-O {[%clk 1:25:48]} Be7
{[%clk 1:27:52]} 9. Bf4 {[%clk 1:18:43]} O-O {[%clk 1:26:25]} 10. Re1
{[%clk 1:11:02]} Na5 {[%clk 1:21:42]} 11. Bf1 {[%clk 1:06:50]} b6
{[%clk 1:19:23]} 12. a3 {[%clk 0:57:47]} Nc6 {[%clk 1:01:51]} 13. Bc4
{[%clk 0:51:54]} Bb7 {[%clk 1:00:13]} 14. Ba2 {[%clk 0:47:06]} a6
{[%clk 0:50:51]} 15. Qd3 {[%clk 0:44:52]} Bd6 {[%clk 0:50:29]} 16. Be3
{[%clk 0:37:40]} Ne7 {[%clk 0:44:55]} 17. Bg5 {[%clk 0:36:42]} Ng6
{[%clk 0:30:03]} 18. Rad1 {[%clk 0:22:40]} h6 {[%clk 0:24:54]} 19. Bc1
{[%clk 0:17:07]} Bf4 {[%clk 0:16:56]} 20. Ne5 {[%clk 0:12:40]} Nxe5
{[%clk 0:10:38]} 21. dxe5 {[%clk 0:13:03]} Bxc1 {[%clk 0:07:36]} 22. Qxd8
{[%clk 0:13:23]} Rfxd8 {[%clk 0:07:44]} 23. Rxc1 {[%clk 0:13:39]} Nd5
{[%clk 0:07:36]} 24. Ne2 {[%clk 0:06:41]} Rac8 {[%clk 0:06:52]} 25. f3
{[%clk 0:05:35]} Ne7 {[%clk 0:03:22]} 26. Nc3 {[%clk 0:01:34]} b5
{[%clk 0:01:49]} 27. Rcd1 {[%clk 0:01:14]} Nc6 {[%clk 0:01:10]} 28. Ne4
{[%clk 0:00:47]} Rxd1 {[%clk 0:01:15]} 29. Rxd1 {[%clk 0:01:12]} Nxe5
{[%clk 0:01:08]} 30. Nd6 {[%clk 0:00:54]} Rd8 {[%clk 0:00:40]} 31. Bb3
{[%clk 0:01:12]} Rd7 {[%clk 0:00:43]} 32. Nxb7 {[%clk 0:01:06]} Rxb7
{[%clk 0:01:12]} 33. Bc2 {[%clk 0:00:54]} Rd7 {[%clk 0:01:15]} 34. Rxd7
{[%clk 0:01:08]} Nxd7 {[%clk 0:01:44]} 35. b4 {[%clk 0:01:21]} Ne5
{[%clk 0:00:56]} 36. Bb3 {[%clk 0:00:45]} Nd3 {[%clk 0:00:56]} 37. Kf1
{[%clk 0:00:50]} Kf8 {[%clk 0:01:09]} 38. g3 {[%clk 0:00:50]} Ke7
{[%clk 0:01:32]} 39. Ke2 {[%clk 0:01:09]} Nc1+ {[%clk 0:01:45]} 40. Kd2
{[%clk 0:31:21]} Nxb3+ {[%clk 0:32:06]} 41. Kc3 {[%clk 0:31:50]} Nc1
{[%clk 0:32:24]} 42. Kd2 {[%clk 0:32:10]} Na2 {[%clk 0:32:34]} 43. Kc2
{[%clk 0:32:34]} Kd6 {[%clk 0:32:50]} 44. Kb2 {[%clk 0:32:51]} Nxb4
{[%clk 0:33:13]} 45. axb4 {[%clk 0:33:18]} Kd5 {[%clk 0:33:25]} 46. Kc3
{[%clk 0:33:41]} Kc6 {[%clk 0:31:31]} 47. Kd4 {[%clk 0:33:51]} Kb6
{[%clk 0:31:49]} 48. h4 {[%clk 0:33:21]} a5 {[%clk 0:32:03]} 49. bxa5+
{[%clk 0:33:22]} Kxa5 {[%clk 0:32:28]} 50. g4 {[%clk 0:33:26]} b4
{[%clk 0:32:16]} 51. Kd3 {[%clk 0:33:30]} Ka4 {[%clk 0:32:17]} 52. Kc2
{[%clk 0:33:49]} Ka3 {[%clk 0:32:17]} 53. Kb1 {[%clk 0:34:09]} g5
{[%clk 0:31:35]} 54. h5 {[%clk 0:34:35]} f5 {[%clk 0:31:52]} 55. f4
{[%clk 0:34:57]} fxg4 {[%clk 0:30:07]} 56. fxg5 {[%clk 0:35:20]} g3
{[%clk 0:30:35]} 57. gxh6 {[%clk 0:35:21]} g2 {[%clk 0:31:00]} 0-1

[Event "High League 2022 women"]
[Site "Obninsk"]
[Date "2022.07.04"]
[Round "8.1"]
[White "Charochkina, Daria"]
[Black "Goltseva, Ekaterina"]
[Result "1-0"]
[LiveChessVersion "1.4.7"]
[BlackElo "2284"]
[WhiteElo "2335"]

1. c4 {[%clk 1:30:57]} e5 {[%clk 1:30:49]} 2. Nc3 {[%clk 1:31:22]} d6
{[%clk 1:31:09]} 3. Nf3 {[%clk 1:28:19]} f5 {[%clk 1:30:29]} 4. d3
{[%clk 1:27:56]} Nf6 {[%clk 1:28:50]} 5. g3 {[%clk 1:27:55]} g6 {[%clk 1:24:01]}
6. Rb1 {[%clk 1:26:42]} Bg7 {[%clk 1:20:38]} 7. Bg2 {[%clk 1:26:56]} O-O
{[%clk 1:19:05]} 8. O-O {[%clk 1:27:15]} Nc6 {[%clk 1:15:25]} 9. b4
{[%clk 1:26:08]} h6 {[%clk 1:14:08]} 10. Ne1 {[%clk 0:53:56]} Nh5
{[%clk 0:59:03]} 11. e3 {[%clk 0:52:23]} Ne7 {[%clk 0:47:49]} 12. d4
{[%clk 0:37:42]} exd4 {[%clk 0:37:40]} 13. exd4 {[%clk 0:38:10]} f4
{[%clk 0:36:17]} 14. Rb3 {[%clk 0:38:17]} Be6 {[%clk 0:26:02]} 15. d5
{[%clk 0:37:54]} Bd7 {[%clk 0:23:30]} 16. Bb2 {[%clk 0:30:08]} Qc8
{[%clk 0:20:51]} 17. Nb5 {[%clk 0:24:59]} a6 {[%clk 0:18:55]} 18. Nd4
{[%clk 0:25:05]} Ba4 {[%clk 0:16:09]} 19. Qd2 {[%clk 0:24:15]} Bxb3
{[%clk 0:13:25]} 20. axb3 {[%clk 0:24:43]} fxg3 {[%clk 0:09:16]} 21. hxg3
{[%clk 0:24:44]} Nf5 {[%clk 0:09:10]} 22. Ne6 {[%clk 0:24:38]} Bxb2
{[%clk 0:09:05]} 23. Qxb2 {[%clk 0:22:55]} Nhg7 {[%clk 0:08:55]} 24. Nxf8
{[%clk 0:16:59]} Qxf8 {[%clk 0:09:21]} 25. Nf3 {[%clk 0:17:25]} g5
{[%clk 0:07:55]} 26. Nd2 {[%clk 0:16:01]} Qf7 {[%clk 0:06:58]} 27. c5
{[%clk 0:12:45]} Rf8 {[%clk 0:06:25]} 28. c6 {[%clk 0:13:08]} bxc6
{[%clk 0:05:10]} 29. dxc6 {[%clk 0:13:35]} d5 {[%clk 0:04:47]} 30. Qe5
{[%clk 0:12:09]} Rd8 {[%clk 0:04:58]} 31. Ra1 {[%clk 0:11:32]} Qe7
{[%clk 0:04:21]} 32. Qxe7 {[%clk 0:09:41]} Nxe7 {[%clk 0:04:48]} 33. Rxa6
{[%clk 0:10:09]} Rb8 {[%clk 0:04:34]} 34. Ra7 {[%clk 0:09:59]} Ne8
{[%clk 0:03:45]} 35. Rb7 {[%clk 0:09:20]} Ra8 {[%clk 0:02:05]} 36. b5
{[%clk 0:09:15]} Kf8 {[%clk 0:02:30]} 37. Nf3 {[%clk 0:08:24]} Nd6
{[%clk 0:01:25]} 38. Ne5 {[%clk 0:08:27]} Ra5 {[%clk 0:00:51]} 39. Rb8+
{[%clk 0:02:16]} Kg7 {[%clk 0:01:07]} 40. b6 {[%clk 0:31:49]} cxb6
{[%clk 0:30:52]} 41. b4 {[%clk 0:12:38]} Rb5 {[%clk 0:23:55]} 42. Rd8
{[%clk 0:11:23]} Ndc8 {[%clk 0:07:08]} 43. Bh3 {[%clk 0:11:36]} d4
{[%clk 0:07:03]} 44. Nd3 {[%clk 0:09:08]} Nxc6 {[%clk 0:06:06]} 45. Rxc8
{[%clk 0:09:36]} Nxb4 {[%clk 0:06:28]} 46. Bd7 {[%clk 0:06:36]} Rd5
{[%clk 0:06:23]} 47. Rc7 {[%clk 0:06:37]} Na6 {[%clk 0:05:20]} 48. Ra7
{[%clk 0:05:13]} Kf6 {[%clk 0:05:08]} 49. Rxa6 {[%clk 0:05:32]} Rxd7
{[%clk 0:05:34]} 50. Rxb6+ {[%clk 0:06:00]} Kg7 {[%clk 0:03:39]} 51. Kf1
{[%clk 0:06:15]} Rd5 {[%clk 0:03:33]} 52. g4 {[%clk 0:06:17]} Kh7
{[%clk 0:03:03]} 53. Ke2 {[%clk 0:06:22]} Rd7 {[%clk 0:02:28]} 54. Kf3
{[%clk 0:06:08]} Rd8 {[%clk 0:02:41]} 55. Ke4 {[%clk 0:05:58]} Kg7
{[%clk 0:02:53]} 56. Ne5 {[%clk 0:05:06]} Rf8 {[%clk 0:02:45]} 57. Rb7+
{[%clk 0:05:22]} Kg8 {[%clk 0:03:07]} 58. Nd3 {[%clk 0:05:30]} Rd8
{[%clk 0:02:39]} 59. Rb4 {[%clk 0:05:53]} Kg7 {[%clk 0:02:07]} 60. Rxd4
{[%clk 0:04:14]} Re8+ {[%clk 0:02:31]} 61. Ne5 {[%clk 0:04:01]} h5
{[%clk 0:01:57]} 62. Rd7+ {[%clk 0:03:15]} Kh6 {[%clk 0:02:19]} 63. Rd6+
{[%clk 0:03:40]} 1-0

[Event "High League 2022 women"]
[Site "Obninsk"]
[Date "2022.07.04"]
[Round "8.2"]
[White "Garifullina, Leya"]
[Black "Bivol, Alina"]
[Result "0-1"]
[LiveChessVersion "1.4.7"]
[BlackElo "2364"]
[WhiteElo "2398"]

1. e4 {[%clk 1:30:58]} e5 {[%clk 1:28:34]} 2. Nf3 {[%clk 1:31:13]} Nc6
{[%clk 1:28:50]} 3. Bb5 {[%clk 1:31:04]} a6 {[%clk 1:29:02]} 4. Ba4
{[%clk 1:31:26]} Bc5 {[%clk 1:29:18]} 5. O-O {[%clk 1:31:02]} Nge7
{[%clk 1:29:38]} 6. c3 {[%clk 1:28:31]} Ng6 {[%clk 1:30:00]} 7. d4
{[%clk 1:28:25]} Ba7 {[%clk 1:30:25]} 8. Be3 {[%clk 1:25:41]} O-O
{[%clk 1:27:49]} 9. Nbd2 {[%clk 1:22:28]} d6 {[%clk 1:25:21]} 10. h3 Qe7
{[%clk 1:17:22]} 11. Re1 {[%clk 1:14:12]} Nd8 {[%clk 1:16:58]} 12. Nf1
{[%clk 1:13:26]} Ne6 {[%clk 0:59:44]} 13. Ng3 {[%clk 1:06:59]} Qd8
{[%clk 0:46:56]} 14. Nf5 {[%clk 1:03:10]} exd4 {[%clk 0:46:20]} 15. cxd4
{[%clk 0:54:23]} d5 {[%clk 0:31:34]} 16. exd5 {[%clk 0:49:21]} Qxd5
{[%clk 0:28:45]} 17. Ng3 c6 18. Bb3 {[%clk 0:49:34]} Qd8 {[%clk 0:24:50]} 19. Qd2
{[%clk 0:44:02]} Bb6 {[%clk 0:24:21]} 20. Red1 {[%clk 0:43:39]} Ba5
{[%clk 0:23:14]} 21. Qc1 {[%clk 0:42:04]} Ne7 {[%clk 0:23:17]} 22. Nh5
{[%clk 0:37:50]} Nd5 {[%clk 0:17:11]} 23. Ne5 {[%clk 0:27:55]} Qh4
{[%clk 0:10:20]} 24. Bxd5 {[%clk 0:27:34]} cxd5 25. Nf4 {[%clk 0:27:11]} Nxf4
{[%clk 0:09:25]} 26. Bxf4 {[%clk 0:25:07]} Qd8 {[%clk 0:06:55]} 27. Qe3
{[%clk 0:24:47]} Bf5 {[%clk 0:06:37]} 28. Qg3 {[%clk 0:24:03]} f6
{[%clk 0:06:37]} 29. Nf3 {[%clk 0:22:32]} Qd7 {[%clk 0:06:03]} 30. Nd2
{[%clk 0:21:05]} Bb6 {[%clk 0:06:09]} 31. Qb3 {[%clk 0:19:12]} Qb5
{[%clk 0:06:38]} 32. Qxb5 {[%clk 0:18:54]} axb5 {[%clk 0:05:58]} 33. Nf1
{[%clk 0:16:44]} Ra4 34. b3 Ra7 {[%clk 0:06:13]} 35. Ne3 {[%clk 0:17:00]} Be6
{[%clk 0:06:32]} 36. Bd6 {[%clk 0:16:16]} Rc8 {[%clk 0:06:41]} 37. f4
{[%clk 0:13:34]} g6 {[%clk 0:05:08]} 38. g4 {[%clk 0:13:28]} Ra6 {[%clk 0:04:29]}
39. f5 {[%clk 0:11:28]} Bf7 {[%clk 0:04:45]} 40. Bb4 {[%clk 0:38:23]} Raa8
{[%clk 0:32:01]} 41. Rd3 {[%clk 0:34:07]} Kg7 {[%clk 0:31:05]} 42. a3
{[%clk 0:30:11]} Rc6 {[%clk 0:27:51]} 43. Rf1 {[%clk 0:27:33]} Re8
{[%clk 0:26:49]} 44. fxg6 {[%clk 0:25:28]} hxg6 {[%clk 0:26:49]} 45. Nd1
{[%clk 0:23:54]} Rc2 {[%clk 0:18:05]} 46. Rf2 {[%clk 0:21:51]} Rc1
{[%clk 0:17:45]} 47. Kg2 {[%clk 0:20:59]} g5 {[%clk 0:13:27]} 48. Ne3
{[%clk 0:20:28]} Bg6 {[%clk 0:10:42]} 49. Nf5+ {[%clk 0:20:53]} Bxf5
{[%clk 0:09:47]} 50. Rxf5 {[%clk 0:20:54]} Re2+ {[%clk 0:10:01]} 51. Rf2
{[%clk 0:19:43]} Re4 {[%clk 0:10:22]} 52. Bc5 {[%clk 0:18:20]} Ba5
{[%clk 0:08:07]} 53. Rf5 {[%clk 0:13:01]} Ree1 {[%clk 0:07:20]} 54. Rdf3
{[%clk 0:11:44]} Rg1+ {[%clk 0:06:31]} 55. Kf2 {[%clk 0:12:07]} Rcf1+
{[%clk 0:06:20]} 56. Ke2 {[%clk 0:12:32]} Re1+ {[%clk 0:04:45]} 57. Kf2
{[%clk 0:12:52]} Ref1+ {[%clk 0:04:48]} 58. Ke2 {[%clk 0:13:18]} Rb1
{[%clk 0:03:21]} 59. b4 {[%clk 0:07:20]} Bc7 {[%clk 0:02:47]} 60. Rxf6
{[%clk 0:06:13]} Bf4 {[%clk 0:02:28]} 61. R3xf4 {[%clk 0:04:50]} gxf4 62. g5
{[%clk 0:03:09]} Rg3 {[%clk 0:02:39]} 63. Rxf4 {[%clk 0:01:58]} Rb2+
{[%clk 0:03:05]} 64. Kf1 {[%clk 0:02:13]} Rxa3 {[%clk 0:02:40]} 65. Rf2
{[%clk 0:02:18]} Rxf2+ {[%clk 0:02:43]} 66. Kxf2 {[%clk 0:02:45]} Rxh3
{[%clk 0:03:08]} 67. Be7 {[%clk 0:02:55]} Kg6 {[%clk 0:03:31]} 68. Ke2
{[%clk 0:02:59]} Kf5 {[%clk 0:03:54]} 69. Kf2 {[%clk 0:03:16]} Rb3
{[%clk 0:03:07]} 70. Ke2 {[%clk 0:03:19]} Rg3 {[%clk 0:03:17]} 71. Kf2
{[%clk 0:03:38]} Rxg5 {[%clk 0:02:46]} 72. Bxg5 {[%clk 0:04:03]} Kxg5
{[%clk 0:03:13]} 73. Kf3 {[%clk 0:04:31]} Kf5 {[%clk 0:03:34]} 0-1